000 00324nam a2200133Ia 4500
999 _c6760
_d6760
008 200302s9999 xx 000 0 und d
082 _a712
_bVEN
100 _aAlex Vedder
245 _aHandbook of landscape architecture Vol - 1
260 _bCallisto Reference Published
260 _c2015
300 _a402
942 _2ddc